000
00309nam a2200109 4500
999
_c
13662
_d
13662
008
190401b ||||| |||| 00| 0 eng d
245
_a
Dengvaxia scare affects HPV vaccination on girls.
260
_a
Davao City:
_b
Sun Star Davao;
_c
c2018.
300
_a
page 5.
650
0
_9
38028
_a
Medicine.
942
_2
ddc
_c
PER